[Event "Miedzyzdroje OB Seniors 23rd"]
[Site "Miedzyzdroje"]
[Date "2015.06.24"]
[Round "8"]
[White "Pak, Klim"]
[Black "Thur, Herbert"]
[Result "1/2-1/2"]
[WhiteElo "1678"]
[BlackElo "1541"]
[PlyCount "22"]
[EventDate "2015.06.17"]
[EventType "swiss"]
[EventRounds "8"]
[EventCountry "POL"]
[SourceTitle "EXT 2018"]
[Source "ChessBase"]
[SourceDate "2017.10.13"]
[SourceVersion "1"]
[SourceVersionDate "2017.10.13"]
[SourceQuality "1"]

1. d4 d5 2. c4 c6 3. e3 Bf5 4. Nc3 Nf6 5. Qb3 b6 6. cxd5 Nxd5 7. Nxd5 Qxd5 8. Qxd5 cxd5 9. Bb5+ Bd7 10. Bd3 e6 11. Bd2 a5 1/2-1/2

[Event "Berlin-ch Seniors op 31st"]
[Site "Berlin"]
[Date "2015.02.04"]
[Round "6"]
[White "Schroeder, Wolfgang"]
[Black "Thur, Herbert"]
[Result "1-0"]
[WhiteElo "1467"]
[BlackElo "1217"]
[PlyCount "91"]
[EventDate "2015.01.29"]
[EventType "swiss"]
[EventRounds "9"]
[EventCountry "GER"]
[SourceTitle "EXT 2018"]
[Source "ChessBase"]
[SourceDate "2017.10.13"]
[SourceVersion "1"]
[SourceVersionDate "2017.10.13"]
[SourceQuality "1"]

1. d4 d5 2. c4 c6 3. Nc3 Bf5 4. Nf3 e6 5. Bf4 Bd6 6. Bxd6 Qxd6 7. Qb3 b6 8. cxd5 exd5 9. Ne5 Nd7 10. e4 Be6 11. Nxd7 dxe4 12. d5 cxd5 13. Bb5 Bxd7 14. Bxd7+ Qxd7 15. Rd1 Nf6 16. Nxd5 Nxd5 17. Rxd5 Qc7 18. Qa4+ Ke7 19. Qxe4+ Kf8 20. 0-0 Re8 21. Qb4+ Kg8 22. g3 h6 23. Qb5 Kh7 24. Qd3+ g6 25. Rd7 Rd8 26. Rxc7 Rxd3 27. Rxf7+ Kg8 28. Rxa7 Rd8 29. Rc1 Rh7 30. Rxh7 Kxh7 31. Rc7+ Kg8 32. Rc6 Rb8 33. Rxg6+ Kh7 34. Rc6 h5 35. f4 Kg7 36. a4 b5 37. a5 b4 38. Rb6 Rd8 39. Rxb4 Rd5 40. a6 Ra5 41. Rb6 Kf7 42. b4 Ra1+ 43. Kg2 Ra2+ 44. Kh3 Ke7 45. b5 Kf7 46. Rh6 1-0

[Event "Berlin-ch Seniors op 30th"]
[Site "Berlin"]
[Date "2014.02.04"]
[Round "6"]
[White "Klevenow, Ursula"]
[Black "Thur, Herbert"]
[Result "1-0"]
[WhiteElo "1404"]
[BlackElo "1332"]
[PlyCount "102"]
[EventDate "2014.01.30"]
[EventType "swiss"]
[EventRounds "9"]
[EventCountry "GER"]
[SourceTitle "EXT 2018"]
[Source "ChessBase"]
[SourceDate "2017.10.13"]
[SourceVersion "1"]
[SourceVersionDate "2017.10.13"]
[SourceQuality "1"]

1. d4 d5 2. Nf3 c6 3. Bf4 Bf5 4. e3 e6 5. Bd3 Nf6 6. 0-0 c5 7. Bb5+ Nc6 8. Ne5 Qb6 9. c4 a6 10. Bxc6+ bxc6 11. b3 cxd4 12. exd4 dxc4 13. Nxc4 Qa7 14. Nc3 Rd8 15. Be5 Nd7 16. Bd6 Nb6 17. Bxf8 Kxf8 18. Ne5 Rd6 19. Qf3 Nd5 20. Nxd5 cxd5 21. Rac1 g6 22. Rc5 Kg7 23. Rfc1 Rb8 24. Nc6 Rxc6 25. Rxc6 Qxd4 26. Qc3 Qxc3 27. R1xc3 Ra8 28. f3 h5 29. Kf2 e5 30. Rd6 Be6 31. Ke2 a5 32. Rc5 g5 33. h3 g4 34. hxg4 hxg4 35. Kd2 gxf3 36. gxf3 a4 37. b4 e4 38. fxe4 dxe4 39. a3 Kf6 40. Ke3 Ke7 41. Rdc6 Rd8 42. Kxe4 f5+ 43. Ke3 Rd1 44. Rc1 Rd7 45. Rc7 Kd8 46. Rxd7+ Kxd7 47. Rc5 Kd6 48. Kf4 Bd7 49. Ra5 Kc7 50. Ke5 Kb6 51. Rd5 Bc8 1-0

[Event "Brandenburg-ch Seniors 18th"]
[Site "Rowy"]
[Date "2009.06.28"]
[Round "7"]
[White "Thur, Herbert"]
[Black "Assmann, Hans"]
[Result "0-1"]
[WhiteElo "1318"]
[BlackElo "1594"]
[PlyCount "112"]
[EventDate "2009.06.22"]
[EventType "swiss"]
[EventRounds "9"]
[EventCountry "POL"]
[SourceTitle "EXT 2022"]
[Source "ChessBase"]
[SourceDate "2021.10.06"]
[SourceVersion "1"]
[SourceVersionDate "2021.10.06"]
[SourceQuality "1"]

1. c4 Nf6 2. d3 e5 3. Nf3 Nc6 4. a3 h6 5. e4 a6 6. b4 d6 7. Be3 Ng4 8. Qe2 Nxe3 9. Qxe3 Be7 10. Be2 Nd4 11. Nxd4 exd4 12. Qc1 0-0 13. 0-0 c6 14. Qb2 Bd7 15. Nd2 Rb8 16. Rac1 c5 17. b5 Qc8 18. b6 f5 19. Bf3 f4 20. Bd1 g5 21. f3 Kh7 22. a4 Bf6 23. a5 Be5 24. Ra1 Rg8 25. Ba4 Be6 26. Bd1 Rg7 27. Be2 Qd7 28. Qc1 Rbg8 29. Qe1 Qe7 30. Kh1 h5 31. g3 fxg3 32. hxg3 Rh8 33. Kg2 Qf6 34. Rh1 Kg8 35. Qf2 Bxg3 36. Qg1 Qe5 37. Nf1 Rgh7 38. Rh3 Bf4 39. Kh1 Re7 40. Qg2 Bxc4 41. Rd1 Bb5 42. Nd2 Qe6 43. Nc4 Kg7 44. Na3 Bc6 45. Rb1 Qa2 46. Qf1 Qxa3 47. Ra1 Qb3 48. Bd1 Qe6 49. Qe2 Rhe8 50. Rb1 Qe5 51. Qc2 Bg3 52. Kg2 Rf8 53. Rh1 Ref7 54. Qe2 Kg6 55. Rf1 Rh8 56. Rh1 Bd7 0-1

[Event "Berlin-ch Seniors op 25th"]
[Site "Berlin"]
[Date "2009.02.14"]
[Round "3"]
[White "Scholz, Werner"]
[Black "Thur, Herbert"]
[Result "1-0"]
[WhiteElo "1772"]
[BlackElo "1344"]
[PlyCount "55"]
[EventDate "2009.02.12"]
[EventType "swiss"]
[EventRounds "9"]
[EventCountry "GER"]
[SourceTitle "EXT 2022"]
[Source "ChessBase"]
[SourceDate "2021.10.06"]
[SourceVersion "1"]
[SourceVersionDate "2021.10.06"]
[SourceQuality "1"]

1. d4 d5 2. Nf3 Bg4 3. e3 Nc6 4. c4 e6 5. Nc3 Bb4 6. Bd2 Nf6 7. a3 Bxc3 8. Bxc3 Ne4 9. cxd5 Qxd5 10. Be2 Nxc3 11. bxc3 0-0 12. 0-0 a6 13. c4 Qd7 14. Qc2 Rab8 15. Rfd1 Bxf3 16. Bxf3 Ne7 17. Rab1 c6 18. a4 Rfc8 19. c5 Qc7 20. Be4 f5 21. Bd3 g6 22. Bc4 Kf7 23. Rb3 b5 24. cxb6 Rxb6 25. Rxb6 Qxb6 26. Rb1 Qa7 27. Qb3 a5 28. Bxe6+ 1-0

[Event "Berlin-ch Seniors op 24th"]
[Site "Berlin"]
[Date "2008.02.28"]
[Round "8"]
[White "Theilig, Reinhard"]
[Black "Thur, Herbert"]
[Result "1/2-1/2"]
[WhiteElo "1291"]
[BlackElo "1365"]
[PlyCount "49"]
[EventDate "2008.02.21"]
[EventType "swiss"]
[EventRounds "9"]
[EventCountry "GER"]
[SourceTitle "EXT 2022"]
[Source "ChessBase"]
[SourceDate "2021.10.06"]
[SourceVersion "1"]
[SourceVersionDate "2021.10.06"]
[SourceQuality "1"]

1. Nf3 d5 2. c4 c6 3. b3 e6 4. Bb2 Nf6 5. g3 g6 6. Qc2 Bg7 7. Bg2 0-0 8. 0-0 Nbd7 9. d3 a6 10. Nbd2 Qe7 11. Rfe1 b5 12. cxd5 cxd5 13. a4 Bb7 14. Ba3 b4 15. Bb2 Rac8 16. Qd1 Ne8 17. Bxg7 Kxg7 18. Rc1 a5 19. e4 dxe4 20. Nxe4 Nef6 21. Rxc8 Rxc8 22. Qa1 Kg8 23. Nfd2 Nxe4 24. Nxe4 Bxe4 25. dxe4 1/2-1/2

[Event "Brandenburg Seniors op 16th"]
[Site "Rowy"]
[Date "2007.06.19"]
[Round "2"]
[White "Thur, Herbert"]
[Black "Roggenbach, Ottomar"]
[Result "0-1"]
[WhiteElo "1353"]
[BlackElo "1938"]
[PlyCount "62"]
[EventDate "2007.06.18"]
[EventType "swiss"]
[EventRounds "9"]
[EventCountry "POL"]
[SourceTitle "EXT 2011"]
[Source "ChessBase"]
[SourceDate "2010.11.26"]
[SourceVersion "1"]
[SourceVersionDate "2010.11.26"]
[SourceQuality "1"]

1. d4 Nf6 2. c4 e5 3. d5 Bc5 4. Nc3 d6 5. h3 a6 6. a3 Bf5 7. e3 Nbd7 8. Bd3 e4 9. Bc2 Qe7 10. b4 Ba7 11. Bb2 Ne5 12. Bb3 Nd3+ 13. Ke2 Nxb2 14. Qc2 Nd3 15. Ba4+ Bd7 16. b5 axb5 17. Bxb5 Bxb5 18. Nxb5 0-0 19. Nxa7 Rxa7 20. f3 Nc5 21. f4 Rfa8 22. Qb2 Qd7 23. Kd2 Qa4 24. Ne2 Qxc4 25. Nc3 Nb3+ 26. Kc2 Nxa1+ 27. Rxa1 Nxd5 28. Kd2 Qxc3+ 29. Qxc3 Nxc3 30. Kxc3 Rxa3+ 31. Rxa3 Rxa3+ 0-1

[Event "Berlin-ch Seniors op 23rd"]
[Site "Berlin"]
[Date "2007.02.09"]
[Round "5"]
[White "Thur, Herbert"]
[Black "Krause, Werner"]
[Result "1-0"]
[WhiteElo "1363"]
[BlackElo "1452"]
[PlyCount "57"]
[EventDate "2007.02.05"]
[EventType "swiss"]
[EventRounds "9"]
[EventCountry "GER"]
[SourceTitle "EXT 2022"]
[Source "ChessBase"]
[SourceDate "2021.10.06"]
[SourceVersion "1"]
[SourceVersionDate "2021.10.06"]
[SourceQuality "1"]

1. d4 d5 2. c4 e5 3. dxe5 d4 4. Nf3 Nc6 5. b3 Bb4+ 6. Bd2 Bg4 7. Bxb4 Nxb4 8. a3 Nc6 9. Nbd2 f6 10. exf6 Nxf6 11. h3 Be6 12. g3 Qd7 13. Bg2 0-0-0 14. Ng5 Bg8 15. 0-0 h6 16. Bxc6 Qxc6 17. Ngf3 Qe6 18. h4 g5 19. hxg5 hxg5 20. Nxg5 Qg4 21. Ndf3 Qh5 22. Kg2 Ng4 23. Rh1 Ne3+ 24. fxe3 dxe3 25. Qc2 Rd2 26. Qf5+ Kd8 27. Rxh5 Rxe2+ 28. Kf1 Rf2+ 29. Ke1 1-0

[Event "Berlin-ch Seniors op 23rd"]
[Site "Berlin"]
[Date "2007.02.08"]
[Round "4"]
[White "Hess, Helmut"]
[Black "Thur, Herbert"]
[Result "1-0"]
[WhiteElo "1587"]
[BlackElo "1363"]
[PlyCount "110"]
[EventDate "2007.02.05"]
[EventType "swiss"]
[EventRounds "9"]
[EventCountry "GER"]
[SourceTitle "EXT 2022"]
[Source "ChessBase"]
[SourceDate "2021.10.06"]
[SourceVersion "1"]
[SourceVersionDate "2021.10.06"]
[SourceQuality "1"]

1. b4 a6 2. Bb2 d5 3. e3 e6 4. c4 c6 5. Nf3 Nf6 6. c5 b6 7. d4 a5 8. a3 axb4 9. axb4 Rxa1 10. Bxa1 bxc5 11. bxc5 Ne4 12. Qa4 g6 13. Bd3 Nf6 14. Ne5 Qc7 15. 0-0 Bg7 16. Nd2 Nfd7 17. Nxd7 Bxd7 18. Nf3 0-0 19. Bc3 f6 20. Qa1 Re8 21. Re1 e5 22. Be2 e4 23. Nd2 f5 24. Nf1 Bf6 25. g3 g5 26. Qa2 f4 27. exf4 gxf4 28. Ba5 Qc8 29. gxf4 Bh3 30. Qd2 Kh8 31. Ng3 Rg8 32. Kh1 Bg4 33. Qe3 Qe8 34. Bxg4 Rxg4 35. f3 Rh4 36. fxe4 dxe4 37. Qxe4 Qg8 38. Rg1 Rg4 39. Qe3 Qd5+ 40. Rg2 Bxd4 41. Qe8+ Rg8 42. Qe7 Nd7 43. Bb6 Nf6 44. Qe2 h5 45. h3 h4 46. Nf1 Qf5 47. Rxg8+ Nxg8 48. Qf3 Qd5 49. Qxd5 cxd5 50. Kg2 Nf6 51. Bd8 Nh5 52. Be7 Nxf4+ 53. Kf3 Be5 54. Bd6 Bxd6 55. cxd6 Ng6 1-0

[Event "Berlin-ch Seniors op 23rd"]
[Site "Berlin"]
[Date "2007.02.06"]
[Round "2"]
[White "Thur, Herbert"]
[Black "Schweitzer, Paul"]
[Result "0-1"]
[WhiteElo "1363"]
[BlackElo "1648"]
[PlyCount "46"]
[EventDate "2007.02.05"]
[EventType "swiss"]
[EventRounds "9"]
[EventCountry "GER"]
[SourceTitle "EXT 2022"]
[Source "ChessBase"]
[SourceDate "2021.10.06"]
[SourceVersion "1"]
[SourceVersionDate "2021.10.06"]
[SourceQuality "1"]

1. d4 d5 2. c4 Nc6 3. e3 Nf6 4. a3 a6 5. c5 e5 6. b4 exd4 7. exd4 Be7 8. Nf3 Bg4 9. Be2 0-0 10. 0-0 Re8 11. h3 Bd7 12. Be3 Ne4 13. Qc2 f5 14. Nfd2 Bf6 15. Nb3 g5 16. g3 Nxg3 17. Re1 Nxe2+ 18. Rxe2 f4 19. Bd2 Rxe2 20. Kg2 g4 21. hxg4 Bxg4 22. Kh1 Qe7 23. Qd3 Bxd4 0-1

[Event "Berlin-ch Seniors op 23rd"]
[Site "Berlin"]
[Date "2007.02.05"]
[Round "1"]
[White "Hesselbarth, Karlheinz"]
[Black "Thur, Herbert"]
[Result "1-0"]
[WhiteElo "1789"]
[BlackElo "1363"]
[PlyCount "102"]
[EventDate "2007.02.05"]
[EventType "swiss"]
[EventRounds "9"]
[EventCountry "GER"]
[SourceTitle "EXT 2022"]
[Source "ChessBase"]
[SourceDate "2021.10.06"]
[SourceVersion "1"]
[SourceVersionDate "2021.10.06"]
[SourceQuality "1"]

1. d4 d5 2. Nf3 c5 3. e3 a6 4. c3 e6 5. Nbd2 c4 6. b3 b5 7. a4 Bb7 8. Bb2 Nd7 9. Be2 Ngf6 10. 0-0 Bd6 11. Re1 0-0 12. Bf1 Qc7 13. g3 Rfe8 14. axb5 axb5 15. Bg2 h6 16. Qc2 e5 17. dxe5 Nxe5 18. Nxe5 Bxe5 19. Nf3 Ne4 20. Nd4 Qd7 21. Bxe4 dxe4 22. Ba3 Bd6 23. Bxd6 Qxd6 24. Nxb5 Qe6 25. bxc4 Ba6 26. Nc7 Qxc4 27. Nxe8 Rxe8 28. Qa4 Qxa4 29. Rxa4 Bd3 30. Rea1 Kh7 31. c4 Rc8 32. Rc1 Rc5 33. Rb4 g5 34. h3 Kg6 35. Kg2 Be2 36. Rb5 Rxc4 37. Rxc4 Bxc4 38. Rb4 Bd3 39. g4 h5 40. Rb6+ Kg7 41. gxh5 Be2 42. h6+ Kh7 43. Kg3 Bh5 44. h4 gxh4+ 45. Kxh4 Bg6 46. Kg5 Kg8 47. Rxg6+ fxg6 48. Kxg6 Kh8 49. Kf5 Kh7 50. Kxe4 Kxh6 51. Kf5 Kg7 1-0